Cirugía de la mano (Record no. 83625)

MARC details
000 -LEADER
campo de control de longitud fija 00795nam a2200217 i 4500
001 - NÚMERO DE CONTROL
campo de control 83625
003 - IDENTIFICADOR DE NÚMERO DE CONTROL
campo de control ES-MaACL
005 - FECHA Y HORA DE LA ÚLTIMA TRANSACCIÓN
campo de control 20230906174851.0
007 - CAMPO FIJO DE DESCRIPCIÓN FÍSICA--INFORMACIÓN GENERAL
campo de control de longitud fija t|
008 - DATOS DE LONGITUD FIJA--INFORMACIÓN GENERAL
campo de control de longitud fija 041117s1961 sp ||||1| spa d
100 1# - ENTRADA PRINCIPAL--NOMBRE DE PERSONA
Nombre de persona Iselin, Marc.
9 (RLIN) 65551
245 10 - MENCIÓN DEL TÍTULO
Título Cirugía de la mano
Resto del título : atlas de Anatomía y técnica operatoria /
Mención de responsabilidad, etc. Marc Iselin ; con la colaboración de Luc Gossé, Serge Boussard y Daniel Benoist ; prólogo V. Sanchis Olmos ; traducción J. Boxados Recasens.
260 ## - PUBLICACIÓN, DISTRIBUCIÓN, ETC.
Lugar de publicación, distribución, etc. Madrid :
Nombre del editor, distribuidor, etc. Morata,
Fecha de publicación, distribución, etc. [1961]
300 ## - DESCRIPCIÓN FÍSICA
Extensión 342 p. :
Otras características físicas il. ;
Dimensiones 22 cm.
700 1# - ENTRADA AGREGADA--NOMBRE PERSONAL
Nombre de persona Gossé, Luc.
9 (RLIN) 59258
700 1# - ENTRADA AGREGADA--NOMBRE PERSONAL
Nombre de persona Boussard, Serge.
9 (RLIN) 31041
700 1# - ENTRADA AGREGADA--NOMBRE PERSONAL
Nombre de persona Benoist, Daniel.
9 (RLIN) 27746
700 1# - ENTRADA AGREGADA--NOMBRE PERSONAL
Nombre de persona Sanchís Olmos, Vicente.
9 (RLIN) 103018
700 1# - ENTRADA AGREGADA--NOMBRE PERSONAL
Nombre de persona Boxados Recasens, J.
9 (RLIN) 31162
852 ## - LOCALIZACIÓN
Ubicación ES-MaACL
Número de control de estantería B-5029
Sublocalización o colección R.48202
Holdings
Estatus retirado Estado de pérdida Estado de daño No para préstamo Biblioteca de origen Biblioteca actual Ubicación en estantería Fecha de adquisición Fuente de adquisición Total de préstamos Signatura topográfica completa Código de barras Visto por última vez Precio de reemplazo Tipo de ítem Koha
        Biblioteca del Ateneo de Madrid Biblioteca del Ateneo de Madrid Sala Pardo Bazán 17/01/2008     B-5029 1087400 23/02/2023 23/02/2023 Libro impreso